000 00983nam0a22002771 4500
001 RU\NLR\INFOCOMM_223\5000023619
005 20250613090337.0
035 _a(NLR Aleph) 009063529
090 _a7878555
_c7878555
100 _a20081013d1965 |||y0rusy50 ca
101 0 _afre
102 _aRU
105 _aa z 000zy
200 1 _aLes appareils de suture soviétiques-aides fidèles du chirurgien
_erevue scientifique sommaire sur l'utilisation des nouveaux appareils et instruments chirurgicaux
_fProf. P. Androssov
_gV/o "Medexport". Moscou
210 _aМ.
_cВнешторгиздат
_d[1965]
215 _a16 с.
_cил.
_d21 см
300 _aНа обл. авт. не указан
686 _a11-254
_2rubbk
700 1 _9z01790
_aAndrosov
_bP. I.
_f1907-1969
_gPavel Iosifovič
_4070
790 1 _9z01700
_aAndrossov
_bP. I.
_4070
801 1 _aRU
_bNLR
_c20081013
801 0 _aRU
_bNLR
_gPSBO
852 _aNLR
_jМд41 Г-4/386
942 _cBOOK
980 _aNB